MLJ consolidated Madras law journal digest : (Record no. 36111)

MARC details
000 -LEADER
fixed length control field 01072nam a22002297a 4500
005 - DATE AND TIME OF LATEST TRANSACTION
control field 20100515153452.0
008 - FIXED-LENGTH DATA ELEMENTS--GENERAL INFORMATION
fixed length control field 100515t xxu||||| |||| 00| 0 eng d
010 ## - LCCN (DPL NO)
LC control number ENG-96093
020 ## - INTERNATIONAL STANDARD BOOK NUMBER
International Standard Book Number 9788180386176
Terms of availability 1495.00
035 ## - SYSTEM CONTROL NUMBER
System control number EN-79578
037 ## - SOURCE OF ACQUISITION
Source of stock number/acquisition DBAD/PUB
040 ## - CATALOGING SOURCE
Original cataloging agency DPL
Language of cataloging Eng
082 ## - DEWEY DECIMAL CLASSIFICATION NUMBER
Classification number 340.95482
245 ## - TITLE STATEMENT
Title MLJ consolidated Madras law journal digest :
Statement of responsibility, etc edited by S. S. Subramani
Remainder of title civil & criminal (2008-2009) with cross citations to other journals /
260 ## - PUBLICATION, DISTRIBUTION, ETC. (IMPRINT)
Place of publication, distribution, etc Gurgaon
Name of publisher, distributor, etc Lexisnexis Butterworths
Date of publication, distribution, etc 2010
270 ## - ADDRESS
Address 14th Floor, Building No. 10, Tower-B, DLF Cyber city, Phase-II
City Gurgaon
Postal code 122002
300 ## - PHYSICAL DESCRIPTION
Extent V.4(cxliii, 1392)p.
Dimensions 24cm (Hb)
505 ## - FORMATTED CONTENTS NOTE
Formatted contents note V.4 [A-End] abatement of proceedings-words & phrases covering MLJ (civil) 2008 (5) to 2009 & MLJ (criminal) 2008 (2) to 2009
700 ## - ADDED ENTRY--PERSONAL NAME
Personal name Subramani, S. S.
9 (RLIN) 20565
942 ## - ADDED ENTRY ELEMENTS (KOHA)
Source of classification or shelving scheme Dewey Decimal Classification
Item type English Books
Call number suffix MLJ
Classification part 340.95482
Holdings
Withdrawn status Lost status Source of classification or shelving scheme Damaged status Not for loan Collection code Home library Current library Date acquired Source of acquisition Cost, normal purchase price Total Checkouts Full call number Barcode Date last seen Copy number Cost, replacement price Koha item type
    Dewey Decimal Classification   Not For Loan Non-fiction D.B.Act.Division D.B.Act.Division 05/04/2010 DBAD/PUb 1495.00   340.95482 MLJ EN-79626 15/05/2010 1 1495.00 English Books

© Delhi Public Library
Hit Counter
free hit counter